| 000 | 00465nam a2200133Ia 4500 | ||
|---|---|---|---|
| 008 | 191023s9999 xx 000 0 und d | ||
| 020 | _a9781285442129 | ||
| 100 | _aBlass,Laurie. | ||
| 245 |
_cLaurie Blass, Mari Vargo, Keith S. Folse.-- _aPathways foundations : _breading, writing and critical thinking / |
||
| 260 |
_aUSA : _bNational Geographic Learning _c2014 |
||
| 300 | _axvi, 160 pages. | ||
| 650 | _aCritical thinking | ||
| 650 | _aEnglish language -- rhetoric | ||
| 999 |
_c362286 _d362286 |
||